=LDR 00000nam 2200000 4500 =001 INLIS000000000012744 =005 20130612104233 =008 ***********************************Ind** =035 ##$$0010-061300000012744 =041 ##$$a Ind =082 ##$$a 612.654 =090 ##$$a 612.654, Huk s =100 ##$$a Hukunfl, Barbana =245 ##$$a Senam bayi moderen =260 ##$$a 1973 $b Jakarta =300 ##$$a 197 hlm., Ilus, 21 cm =650 ##$$a Bayi =650 ##$$a Perkembangan =700 ##$$a Iskarno, Rastiati =850 ##$$a NBPNMAT